000 00610nam a2200181Ia 4500
003 IN-BaIIA
008 211028s9999 xx 000 0 eng d
040 _cIIA Library
080 _a627.8(540)
_bCIV
110 _aIndia. Civil Engineering and Construction Review
_922556
245 0 _aDams and hydro-projects in India
_ba compilation of reprints from CE & CR (1988-97)
_cCivil Engineering and Construction Review
260 _aNew Delhi
_bCE & CR
_c1997
300 _a166p.
650 _aCivil engineering
_95496
650 _aDams
_922557
650 _aHydro-projects
_922558
942 _cBK
999 _c12859
_d12859